000 00458nam a2200169Ia 4500
008 090123s9999 xx 000 0 und d
082 _b1538
100 _aनंदा गुलशन
245 _aसिसकते साज
250 _a0
300 _a236
600 _aनंदा गुलशन
630 _aसिसकते साज
700 _aनंदा गुलशन
730 _aसिसकते साज
942 _cBOOK
999 _c39621
_d39621